MARC

Tag First Indicator Second Indicator Subfields
LEADER 00000cam a2200000 a 4500
001 in00001069169
005 20150929092948.0
008 840904s1984 txua b 00010 eng d
035 |a (OCoLC)11118454 
035 |9 AFM7397AM 
040 |a CBT  |c CBT  |d IKM  |d UtOrBLW 
043 |a n-us-tx 
049 |a IKMd 
099 9 |a H1333.7  |a R311  |a 210-10 
100 1 |a McCasland, William R. 
245 1 4 |a The use of freeway shoulders to increase capacity :  |b a review /  |c by William R. McCasland. 
264 1 |a College Station, Tex. :  |b Texas Transportation Institute, Texas A&M University System ;  |a Springfield, Va. :  |b Available through the National Technical Information Service,  |c [1984] 
300 |a ix, 38 pages :  |b illustrations, maps ;  |c 28 cm. 
336 |a text  |b txt  |2 rdacontent 
337 |a unmediated  |b n  |2 rdamedia 
338 |a volume  |b nc  |2 rdacarrier 
490 1 |a Research report ;  |v no. 210-10 
500 |a "Sponsored by State Department of Highways and Public Transportation in cooperation with the U.S. Department of Transportation, Federal Highway Administration." 
500 |a "January 1984." 
500 |a "Evaluation of urban freeway modifications, Research study number 2-18-77-210." 
504 |a Bibliography page 38. 
650 0 |a Highway capacity. 
650 0 |a Roads  |x Shoulders. 
650 0 |a Traffic accident investigation  |z Texas. 
710 1 |a Texas.  |b State Department of Highways and Public Transportation. 
710 1 |a United States.  |b Federal Highway Administration. 
710 2 |a Texas Transportation Institute. 
830 0 |a Research report (Austin, Tex.) ;  |v no. 210-10. 
999 |a MARS 
999 f f |s b242fd64-13f5-3031-aaa7-1bada7c47a2d  |i b0372eb0-ed05-3821-9fbc-d6908360d714  |t 0 
952 f f |p ric  |a Texas A&M University  |b Rellis Campus  |c Joint Library Facility  |d Remote Storage  |t 0  |e HE203 .T43 no. 210-10  |h Library of Congress classification  |i unmediated -- volume  |m A14810840336 
998 f f |a HE203 .T43 no. 210-10  |t 0  |l Remote Storage